City by Picture - #1 - Statistics

General Stats
  • This quiz has been taken 22 times
    14 since last reset
  • The average score is 9 of 15
Answer Stats
Picture Answer % Correct
Paris
100%
Barcelona
92%
London
92%
New York City
92%
Rio De Janeiro
92%
Sydney
92%
Moscow
69%
Buenos Aires
62%
Cape Town
62%
Auckland
38%
Seoul
38%
Frankfurt
31%
Kolkata
15%
Addis Ababa
8%
Thiruvananthapuram
8%
No matching quizzes found
Score Distribution
Percent of People with Each Score
Percentile by Number Answered
Your Score History
You have not taken this quiz since the last reset